[Event "Creon op 13th"]
[Site "Creon"]
[Date "2008.07.28"]
[Round "1"]
[White "Brouat, Thierry"]
[Black "De Lagontrie, Jean"]
[Result "0-1"]
[WhiteElo "1803"]
[BlackElo "2004"]
[PlyCount "52"]
[EventDate "2008.07.28"]
[EventType "swiss"]
[EventRounds "9"]
[EventCountry "FRA"]
[SourceTitle "CBM 125 Extra"]
[Source "ChessBase"]
[SourceDate "2008.09.01"]
[SourceVersion "1"]
[SourceVersionDate "2008.09.01"]
[SourceQuality "1"]

1. e4 c5 2. Nf3 Nc6 3. d4 cxd4 4. Nxd4 Nf6 5. Nc3 e5 6. Ndb5 d6 7. Nd5 Nxd5 8. exd5 Nb8 9. c4 Be7 10. Bd3 a6 11. Nc3 0-0 12. 0-0 f5 13. f3 Bg5 14. Kh1 Nd7 15. b4 Bxc1 16. Rxc1 Kh8 17. Na4 b6 18. c5 bxc5 19. bxc5 Nxc5 20. Nxc5 dxc5 21. Rxc5 Bb7 22. Qc2 e4 23. fxe4 fxe4 24. Rxf8+ Qxf8 25. Be2 Qf2 26. Rc4 Qe1+ 0-1